[Event "Barcelona Torxa op 2nd"]
[Site "Barcelona"]
[Date "2009.09.03"]
[Round "3"]
[White "Codina Calvo, Daniel"]
[Black "Martinez Andres, Elisa"]
[Result "0-1"]
[WhiteElo "1700"]
[BlackElo "1833"]
[PlyCount "74"]
[EventDate "2009.09.01"]
[EventType "swiss"]
[EventRounds "7"]
[EventCountry "ESP"]
[SourceTitle "EXT 2024"]
[Source "ChessBase"]
[SourceDate "2023.10.10"]
[SourceVersion "1"]
[SourceVersionDate "2023.10.10"]
[SourceQuality "1"]

1. e4 e5 2. Nf3 Nc6 3. Bc4 Bc5 4. Nc3 d6 5. d3 Nf6 6. Bg5 Be6 7. Bb3 h6 8. Bh4 g5 9. Bg3 Qd7 10. Ba4 g4 11. Nh4 0-0-0 12. Qd2 Qe8 13. Nf5 h5 14. Ng7 Qf8 15. Nxe6 fxe6 16. Bh4 Ne7 17. 0-0-0 Ng6 18. Bxf6 Qxf6 19. Nb5 Qxf2 20. Qxf2 Bxf2 21. Rdf1 Rhf8 22. Kd1 a6 23. Nc3 Bd4 24. Rxf8 Rxf8 25. Ne2 Bxb2 26. Ng3 Nf4 27. Rg1 h4 28. Ne2 Nxe2 29. Kxe2 Bd4 30. Rb1 Rf2+ 31. Ke1 Rxg2 32. Rb4 h3 33. Rc4 g3 34. hxg3 h2 35. Bd7+ Kxd7 36. Rxc7+ Kxc7 37. Kf1 h1Q# 0-1